• 首页
  • 本馆介绍
  • 公告通知
  • 最新文献
  • 馆藏检索
  • 电子资源
  • 读者导购
  • 参考咨询
  • 我的图书馆
  • 登录
  • 详细信息显示
  • 放入我的书架
  • 预约/预借图书
  • 作者相关作品
  • 分类相关作品
  • 丛书相关作品
  • 出版社相关作品

书目信息

  • 表格格式
  • 工作单格式
  • 卡片格式
题名:
高适诗选
    
 
作者: 高适 著 ;刘开扬 选注
分册:  
出版信息: 成都   四川人民出版社  1983
页数: 172页
开本: 20cm
丛书名:
单 册:
中图分类: I222.742 , I211
科图分类:
主题词: 唐诗--中国--选集 , 文学--作品集--中国
电子资源:
ISBN:
000 00636nam0 2200241 45
001 1537330915
005 20150125102240.26
010    @dCNY2.80
100    @a19960319d1983 em y0chiy0121 ea
101 0  @achi
102    @aCN@b510000
105    @ay z 000gy
200 10 @a高适诗选@Agao shi shi xuan@f(唐)高适著@g刘开扬选注
210    @a成都@c四川人民出版社@d1983
215    @a172页@d20cm
606    @a唐诗@y中国@x选集
606 0  @a文学@x作品集@x中国
690    @aI222.742@v3
690    @aI211@v4
701  0 @a高适@Agao shi@4著
702  0 @a刘开扬@Aliu kai yang@4选注
801  0 @aCN@bTSSF@c20150125
905    @aZUCC@dI211@eJY66
    
    高适诗选/(唐)高适著/刘开扬选注.-成都:四川人民出版社,1983
    172页;20cm
    
    
    ISBN :CNY2.80
    
●
相关链接 在E读中查询图书 在五车中查询图书 在当当中查询图书 在豆瓣中查询图书


正题名:高适诗选     索取号:I211/JY66         预约/预借

序号 登录号 条形码 馆藏地/架位号 状态 备注
1 7853848   278538487   学院路分馆/ [索取号:I211/JY66] 在馆    
唐山师范学院图书馆 欢迎您!
大连网信软件有限公司© 版权所有